000 03158nam a22003257a 4500
005 20120626113152.0
010 _aB-483656-665
020 _a9789381854006
_c300.00
035 _aB-483656-665
037 _bके.के.पब्लिकेशंस
082 _a500
100 _aरंजन, सी.
_953014
245 _aविज्ञान परिचय/
_cसी.. रंजन
260 _aदिल्ली
_bएशियन्ट पब्लिकेशन
_c2012
270 _aएन-66/67, द्वितीय तल, गली नं. 4, नवीन शाहदरा
_bदिल्ली
_e110032
300 _a152 पृ.
_bसचित्र
_c22 सें.मी.(सजिल्द)
942 _2ddc
_cHN
_mरंजन
_h500
999 _c68172
_d68172